[Event "Negombo op 2nd"]
[Site "Negombo"]
[Date "2016.08.13"]
[Round "2"]
[White "Himaya, W Manushi"]
[Black "Udugampola, Gihan Sachintha"]
[Result "0-1"]
[WhiteElo "1060"]
[BlackElo "1615"]
[PlyCount "142"]
[EventDate "2016.08.13"]
[EventType "swiss"]
[EventRounds "9"]
[EventCountry "SRI"]
[SourceTitle "EXT 2019"]
[Source "ChessBase"]
[SourceDate "2018.10.10"]
[SourceVersion "1"]
[SourceVersionDate "2018.10.10"]
[SourceQuality "1"]

1. d4 Nf6 2. c4 c5 3. Nc3 g6 4. Nf3 Bg7 5. Bf4 cxd4 6. Nxd4 d6 7. e3 e5 8. Bxe5 dxe5 9. Nc2 0-0 10. Be2 a6 11. 0-0 Bf5 12. Qc1 Nc6 13. Rd1 Qb6 14. h3 Rfd8 15. Rxd8+ Rxd8 16. Bf3 e4 17. Bd1 h5 18. a3 Ne5 19. Nb4 Nd3 20. Nxd3 exd3 21. Qd2 Ne4 22. Nxe4 Bxe4 23. Rc1 Qxb2 24. Qxb2 Bxb2 25. Rb1 Bxa3 26. f3 Bc6 27. Ra1 Bb4 28. Kf2 a5 29. g3 Ra8 30. e4 a4 31. Ke3 d2 32. f4 a3 33. Ra2 Bxe4 34. Kxe4 Re8+ 35. Kd3 Re1 36. Kc2 b6 37. Bf3 Kf8 38. g4 Ke7 39. gxh5 gxh5 40. Bxh5 f6 41. Bd1 Rh1 42. Bg4 Rh2 43. Kb3 Bc5 44. Rc2 f5 45. Bd1 Rxh3+ 46. Ka2 Rh1 47. Rxd2 Rf1 48. Re2+ Kf6 49. Ba4 Rxf4 50. Bb5 Rf1 51. Rd2 Rg1 52. Rh2 Rf1 53. Kb3 f4 54. Bc6 f3 55. Rd2 f2 56. Bg2 Rg1 57. Bh3 Rg3+ 58. Ka4 Rxh3 59. Rd1 Re3 60. Kb5 Re1 61. Rd8 f1Q 62. Rc8 Rb1+ 63. Ka6 Qxc4+ 64. Kb7 a2 65. Rc6+ Ke5 66. Rc8 a1R 67. Re8+ Kf6 68. Kc6 Be7+ 69. Kb7 Qa6+ 70. Kb8 Qa7+ 71. Kc8 Rc1# 0-1